[Event "World ol U16"]
[Site "Ulaanbaatar"]
[Date "2015.08.25"]
[Round "7.3"]
[White "Goh, Sean Christian"]
[Black "Mungunzul, Bat Erdene"]
[Result "1/2-1/2"]
[WhiteElo "1614"]
[BlackElo "1564"]
[PlyCount "134"]
[EventDate "2015.08.20"]
[EventType "team-swiss"]
[EventRounds "9"]
[EventCountry "MGL"]
[SourceTitle "EXT 2016"]
[Source "ChessBase"]
[SourceDate "2015.10.08"]
[SourceVersion "1"]
[SourceVersionDate "2015.10.08"]
[SourceQuality "1"]
[WhiteTeam "Singapore II"]
[BlackTeam "Mongolia II"]
[WhiteTeamCountry "SIN"]
[BlackTeamCountry "MGL"]

1. e4 e5 2. Nf3 Nc6 3. Bc4 Bc5 4. c3 Nf6 5. d3 a6 6. Bb3 h6 7. 0-0 d6 8. h3 0-0 9. Bc2 Re8 10. Nbd2 d5 11. exd5 Nxd5 12. Ne4 Bf8 13. Re1 f5 14. Ng3 Kh8 15. d4 e4 16. Nh2 Bd6 17. Nhf1 Nf6 18. Nh5 Bd7 19. Ne3 b5 20. Nxf6 Qxf6 21. Qh5 Rf8 22. Nd5 Qf7 23. Qxf7 Rxf7 24. Bb3 Be6 25. Bf4 Bxf4 26. Nxf4 Bxb3 27. axb3 g5 28. Ne6 Re7 29. Nc5 a5 30. Rad1 Kh7 31. c4 bxc4 32. bxc4 a4 33. Re3 Rb8 34. Rc3 Rxb2 35. Nxa4 Rb4 36. Nc5 f4 37. Nb3 Rd7 38. d5 Ne5 39. Rd4 e3 40. fxe3 fxe3 41. Rxe3 Ng6 42. Nc5 Rf7 43. Rb3 Rxb3 44. Nxb3 Nf4 45. Rd2 Kg7 46. c5 Rd7 47. d6 cxd6 48. cxd6 Ne6 49. Na5 Nc5 50. Nc4 Nb7 51. Kh2 Kf6 52. Kg3 Nc5 53. Kg4 h5+ 54. Kf3 Rf7 55. Nb6 Ke6+ 56. Ke3 Rb7 57. Nc4 Rb4 58. Rd4 Rb3+ 59. Kf2 Nd3+ 60. Kg1 Nc5 61. Nd2 Rb5 62. Ne4 Nd7 63. Nc3 Rc5 64. Rd3 Ra5 65. Kh2 Re5 66. Kg3 Nc5 67. Rf3 Kxd6 1/2-1/2